| 000 | 00784nam a2200181 4500 | ||
|---|---|---|---|
| 001 | 164075 | ||
| 003 | ES-MaACL | ||
| 005 | 20251014063236.0 | ||
| 008 | 950316s1856 fr c |||| | fre d | ||
| 040 |
_aEUS _bspa _cEUS |
||
| 100 | 1 |
_aRozière, Eugène de, _d1820-1896 _9132141 |
|
| 245 | 1 | 0 |
_aTable générale et méthodique des mémoires contenus dans les recueils de l'Académie des Inscriptions et Belles-Lettres et de l'Académie des Sciencies Morales et Politiques / _cpar Eugène de Rozière et Eugène Chatel. |
| 260 |
_aParis : _bAuguste Durand, Lilbraire-Editeur, _c1856 ( _fTypographie Hennuyer) |
||
| 300 |
_aXXVII, 383 p. ; _c29 cm. |
||
| 700 | 1 | 1 |
_aChatel, Eugène, _d1820-1910 _9126470 |
| 852 |
_aES-MaACL _jG-13346 _z-- Enc. hol. |
||
| 999 |
_c164075 _d164075 |
||